Top 25 NF Songs - Statistics

General Stats
  • This quiz has been taken 6 times
    4 since last reset
  • The average score is 14 of 25
Answer Stats
# Song % Correct
3. FEAR
100%
4. RUNNING
100%
2. All I Have
67%
25. CLOUDS
67%
18. DRIFTING
67%
24. HAPPY
67%
17. Hate Myself
67%
23. Hate Myself
67%
7. HOPE
67%
14. LOST
67%
22. Only
67%
15. Outcast
67%
16. Outro
67%
8. PAID MY DUES
67%
9. Real
67%
6. The Search
67%
5. TRUST
67%
21. When I Grow Up
67%
13. Can You Hold Me
33%
1. If You Want Love
33%
20. Leave Me Alone
33%
11. Like This
33%
10. Change
0%
19. Epiphany
0%
12. Wake Up
0%
No matching quizzes found
Score Distribution
Percent of People with Each Score
Percentile by Number Answered
Your Score History
You have not taken this quiz since the last reset